300 Greatest Movie Directors - Statistics

General Stats
  • This quiz has been taken 6,781 times
  • The average score is 76 of 300
Answer Stats
RANK DIRECTOR % Correct
1 Alfred Hitchcock
92%
27 Steven Spielberg
91%
22 Martin Scorsese
86%
51 Francis Ford Coppola
84%
49 Quentin Tarantino
83%
297 Sofia Coppola
82%
9 Stanley Kubrick
82%
100 Christopher Nolan
75%
4 Akira Kurosawa
71%
288 Bong Joon-Ho
70%
53 James Cameron
69%
73 Wes Anderson
69%
3 Charles Chaplin
68%
2 John Ford
68%
63 Paul Thomas Anderson
68%
14 Federico Fellini
66%
186 George Lucas
66%
8 Orson Welles
66%
58 Ridley Scott
66%
54 Spike Lee
65%
165 Ang Lee
64%
43 David Lynch
64%
16 Ingmar Bergman
64%
202 Lindsay Anderson
63%
119 Clint Eastwood
62%
128 David Fincher
61%
50 Joel & Ethan Coen
61%
30 Billy Wilder
60%
183 Peter Jackson
59%
41 Roman Polanski
58%
57 Sergio Leone
58%
35 Woody Allen
57%
13 Jean-Luc Godard
55%
12 Fritz Lang
52%
178 Robert Zemeckis
52%
37 David Lean
51%
21 Francois Truffaut
51%
40 Frank Capra
51%
275 Guillermo del Toro
50%
25 Andrei Tarkovsky
49%
179 Alfonso Cuaron
48%
31 Buster Keaton
48%
137 Brian De Palma
47%
67 John Carpenter
47%
74 Sidney Lumet
47%
213 Alejandro Gonzalez Inarritu
46%
46 Hayao Miyazaki
46%
136 Milos Forman
46%
191 Kathryn Bigelow
44%
154 John Woo
43%
102 Pedro Almodovar
43%
5 DW Griffith
42%
194 Michael Mann
42%
155 Tim Burton
42%
127 Anthony Mann
41%
80 John Huston
41%
107 William Wyler
41%
19 Yasujiro Ozu
41%
95 Lars von Trier
40%
203 Oliver Stone
40%
7 Sergei Eisenstein
40%
6 Jean Renoir
39%
11 Luis Bunuel
39%
110 Elia Kazan
38%
18 Howard Hawks
38%
88 Michael Curtiz
38%
122 Agnes Varda
37%
56 Bernardo Bertolucci
37%
230 Kevin Smith
37%
36 Robert Altman
37%
33 Roberto Rossellini
37%
47 Werner Herzog
37%
68 Wong Kar-Wai
37%
78 David Cronenberg
36%
211 Jane Campion
36%
28 Michelangelo Antonioni
36%
65 Nicholas Ray
36%
24 Satyajit Ray
36%
290 Victor Fleming
36%
177 William Friedkin
36%
15 FW Murnau
35%
285 Jonathan Demme
35%
249 Wes Craven
35%
91 Chuck Jones
34%
59 Vittorio De Sica
34%
10 George Melies
33%
20 Robert Bresson
33%
166 Steven Soderbergh
33%
270 Sydney Pollack
33%
23 Cecil B. DeMille
32%
145 Danny Boyle
32%
144 George Miller
32%
139 Mike Nichols
32%
84 Terrence Malick
32%
92 Wim Wenders
32%
29 John Cassavetes
31%
189 Mel Brooks
31%
185 Sam Raimi
31%
17 Carl Theodor Dreyer
30%
106 George Cukor
30%
175 John Hughes
30%
159 Joseph L. Mankiewicz
30%
97 Richard Linklater
30%
126 Robert Wise
30%
180 Carol Reed
29%
143 Gus Van Sant
29%
296 Michael Cimino
29%
48 Michael Powell
29%
176 Peter Weir
29%
123 Vincente Minnelli
29%
42 Luchino Visconti
28%
70 Rainer Werner Fassbinder
28%
150 Walt Disney
28%
82 Krzysztof Kieslowski
27%
93 Pier Paolo Pasolini
27%
248 Darren Aronofsky
26%
187 George Stevens
26%
117 Louis & Auguste Lumiere
26%
216 Rob Reiner
26%
254 Walter Hill
26%
140 Arthur Penn
25%
293 Clarence Brown
25%
26 Ernst Lubitsch
25%
167 Fred Zinnemann
25%
96 Jacques Tati
25%
129 Michael Haneke
25%
132 Mike Leigh
25%
208 Edward Yang
24%
99 Jim Jarmusch
24%
105 Louis Malle
24%
38 Abbas Kiarostami
23%
71 Jean-Pierre Melville
23%
34 Kenji Mizoguchi
23%
45 Stanley Donen
23%
163 Bela Tarr
22%
181 Jacques Demy
22%
246 John Schlesinger
22%
157 Otto Preminger
22%
66 Sam Peckinpah
22%
164 Terry Gilliam
22%
280 Alan J. Pakula
21%
112 Dario Argento
21%
291 David O. Russell
21%
170 Eric Rohmer
21%
75 George A. Romero
21%
260 Robert Rodriguez
21%
86 Chantal Akerman
20%
220 Henry King
20%
158 Ken Loach
20%
222 Ken Russell
20%
242 Peter Bogdanovich
20%
32 Erich von Stroheim
19%
200 John Waters
19%
111 King Vidor
19%
87 Alain Resnais
18%
115 Andrzej Wajda
18%
133 Claire Denis
18%
89 Claude Chabrol
18%
39 Dziga Vertov
18%
197 Paul Verhoeven
18%
98 Preston Sturges
18%
282 Herschell Gordon Lewis
17%
118 James Whale
17%
44 Jean Vigo
17%
279 Jerry Lewis
17%
124 Tod Browning
17%
262 Alexander Payne
16%
268 Blake Edwards
16%
199 Henri-Georges Clouzot
16%
153 Jacques Rivette
16%
227 John Landis
16%
160 John Lasseter
16%
55 Raoul Walsh
16%
237 Richard Donner
16%
79 Jean Cocteau
15%
141 John Frankenheimer
15%
69 Josef von Sternberg
15%
182 Leo McCarey
15%
146 Marcel Carne
15%
103 Roger Corman
15%
201 William A. Wellman
15%
101 Abel Gance
14%
60 Douglas Sirk
14%
85 Edwin S. Porter
14%
193 Errol Morris
14%
135 GW Pabst
14%
233 Hal Ashby
14%
298 Lasse Hallstrom
14%
64 Mario Bava
14%
72 Max Ophuls
14%
229 Aki Kaurismaki
13%
206 Alejandro Jodorowsky
13%
276 Costa-Gavras
13%
134 Frank Borzage
13%
209 Ida Lupino
13%
284 James Ivory
13%
148 Leni Riefenstahl
13%
261 Pedro Costa
13%
120 Todd Haynes
13%
61 Victor Sjostrom
13%
116 Zhang Yimou
13%
121 Chris Marker
12%
147 Don Siegel
12%
274 Emir Kusturica
12%
300 Henry Hathaway
12%
235 Jean-Pierre & Luc Dardenne
12%
198 Nicolas Roeg
12%
217 Paul Greengrass
12%
169 Theo Angelopoulos
12%
223 Apichatpong Weerasethakul
11%
108 Hou Hsiao-Hsien
11%
210 Jacques Becker
11%
104 Lois Weber
11%
192 Robert Aldrich
11%
253 Russ Meyer
11%
81 Samuel Fuller
11%
294 Jacques Tourneur
10%
228 John Boorman
10%
76 Maurice Tourneur
10%
188 Ousmane Sembene
10%
289 Peter Greenaway
10%
142 Rene Clair
10%
52 Robert J. Flaherty
10%
212 Stephen Frears
10%
218 Takeshi Kitano
10%
244 Tsai Ming-Liang
10%
77 Busby Berkeley
9%
258 Frederick Wiseman
9%
221 Glauber Rocha
9%
90 Maya Deren
9%
172 Nagisa Oshima
9%
205 Richard Lester
9%
286 Terence Davies
9%
162 Tex Avery
9%
62 Alexander Dovzhenko
8%
204 Andy Warhol & Paul Morrissey
8%
161 Gordon Parks
8%
195 Ishiro Honda
8%
152 Jack Arnold
8%
265 Manoel de Oliveira
8%
231 Mervyn LeRoy
8%
241 Nuri Bilge Ceylan
8%
215 Sergei Parajanov
8%
109 Vsevolod Pudovkin
8%
151 Charles Burnett
7%
156 Chen Kaige
7%
174 Jia Zhangke
7%
226 Jules Dassin
7%
83 Louis Feuillade
7%
214 Mario Monicelli
7%
239 Mikio Naruse
7%
94 Stan Brakhage
7%
207 William Castle
7%
251 Alexander Sokurov
6%
219 Alice Guy-Blache
6%
295 Claude Lanzmann
6%
283 Dave Fleischer
6%
252 Georges Franju
6%
277 Guy Maddin
6%
234 John Sayles
6%
240 Lev Kuleshov
6%
272 Luis Garcia Berlanga
6%
168 Mack Sennett
6%
299 Miklos Jancso
6%
269 Olivier Assayas
6%
247 Peter Watkins
6%
236 Robert Siodmak
6%
190 Rouben Mamoulian
6%
225 Albert & David Maysles
5%
257 Alexander Mackendrick
5%
196 Boris Barnet
5%
184 DA Pennebaker
5%
173 Jean Rouch
5%
245 Joseph Losey
5%
264 Julien Duvivier
5%
131 Kenneth Anger
5%
287 Kon Ichikawa
5%
171 Mauritz Stiller
5%
114 Winsor McCay
5%
224 Budd Boetticher
4%
113 Cecil Hepworth
4%
273 Edgar G. Ulmer
4%
138 Fred Niblo
4%
263 Mohsen Makhmalbaf
4%
232 Oscar Micheaux
4%
271 Raj Kapoor
4%
243 Ralph Bakshi
4%
125 William KL Dickson
4%
250 Allan Dwan
3%
292 Bob Clampett
3%
267 Dorothy Arzner
3%
256 Jan Svankmajer
3%
255 Joris Ivens
3%
130 J. Stuart Blackton
3%
278 Morris Engel
3%
149 Sidney Olcott
3%
259 Yevgeni Bauer
3%
238 Anthony Asquith
2%
281 Sadao Yamanaka
2%
266 Yuriy Norshteyn
2%
No matching quizzes found
Score Distribution
Percent of People with Each Score
Percentile by Number Answered
Your Score History
You have not taken this quiz